Statystyki dla postacie z Spider-man: Into a Spider-verse

Kliknij tutaj aby rozwiązać quiz!

Ogólne statystyki

  • Ten quiz został rozwiązany 33 razy
  • Średni wynik to 6 z 18

Statystyki odpowiedzi

HintOdpowiedź% Poprawnych
Spider-man
100%
Miles Morales
78%
Gwen Stacy
74%
po napisachSpider-man 2099
52%
kingpin
37%
peni parker
30%
peter porker
30%
Spider-man Noir
30%
Aaron Davis/ Prowler
26%
Rio Morales
26%
May Parker
22%
Mary Jane Watson
19%
Green Goblin
15%
Jefferson Davis
15%
po napisachLayla
15%
Olivia Octavius
15%
Scorpion
15%
Tombstone
15%

Rozkład punktacji

Percentyl według liczby udzielonych odpowiedzi

Procent ludzi z każdym wynikiem

Twoja historia wyników

Nie rozwiązałeś tego quizu